Marketing Research & Marketing Environment (Record no. 1876)
[ view plain ]
| 000 -LEADER | |
|---|---|
| fixed length control field | 00613nam a2200217Ia 4500 |
| 003 - CONTROL NUMBER IDENTIFIER | |
| control field | BUBTL |
| 008 - FIXED-LENGTH DATA ELEMENTS--GENERAL INFORMATION | |
| fixed length control field | 151213s9999 xx 000 0 und d |
| 020 ## - INTERNATIONAL STANDARD BOOK NUMBER | |
| International Standard Book Number | 0-256-10517-0 |
| 082 ## - DEWEY DECIMAL CLASSIFICATION NUMBER | |
| Classification number | 658.8'3 / D5871m/ 1994 |
| 100 ## - MAIN ENTRY--PERSONAL NAME | |
| Personal name | W. R Dillon |
| 9 (RLIN) | 2518 |
| 245 ## - TITLE STATEMENT | |
| Title | Marketing Research & Marketing Environment |
| Statement of responsibility, etc. | W. R Dillon |
| 250 ## - EDITION STATEMENT | |
| Edition statement | 3rd |
| 260 ## - PUBLICATION, DISTRIBUTION, ETC. (IMPRINT) | |
| Place of publication, distribution, etc. | Australia |
| Name of publisher, distributor, etc. | Irwin |
| Date of publication, distribution, etc. | c1994 |
| 300 ## - PHYSICAL DESCRIPTION | |
| Extent | [xxii],760p. : |
| Other physical details | ill, Graph, Table,23cm. |
| 500 ## - GENERAL NOTE | |
| General note | Includes Index . |
| 650 ## - SUBJECT ADDED ENTRY--TOPICAL TERM | |
| Topical term or geographic name as entry element | Marketing |
| 9 (RLIN) | 2519 |
| 700 ## - ADDED ENTRY--PERSONAL NAME | |
| Personal name | W. R Dillon |
| 9 (RLIN) | 2518 |
| 856 ## - ELECTRONIC LOCATION AND ACCESS | |
| Password | 0 |
| Logon | 0 |
| Link text | Download |
| 942 ## - ADDED ENTRY ELEMENTS (KOHA) | |
| Source of classification or shelving scheme | |
| Koha item type | Books |
| Withdrawn status | Lost status | Source of classification or shelving scheme | Damaged status | Not for loan | Permanent location | Current location | Shelving location | Date acquired | Inventory number | Total Checkouts | Full call number | Barcode | Date last seen | Copy number | Price effective from | Koha item type |
|---|---|---|---|---|---|---|---|---|---|---|---|---|---|---|---|---|
| Bangladesh University of Business and Technology Library | Bangladesh University of Business and Technology Library | Marketing Stacks | 12/09/2019 | 2665 | 658.8'3 /DIM | BUBTL-20032665 | 12/09/2019 | C-01 | 12/09/2019 | Books |
